000 01576cam a22002655a 4500
001 E144379
008 080715s2008 xxk f 000 0 eng d
035 _a(Sirsi) u144379
041 0 _aeng
050 0 4 _a658.404 $2 18
110 2 _aRoyal Institution of Chartered Surveyors
_94900
245 0 0 _aBuilding surveyor services
260 _aCoventry
_bRICS
_c2008
300 _a[25] p.
_c30cm
490 _aRICS Standard Form
505 2 _aConstruction -- Building and measured surveys -- Asset management -- Insurance -- Feasibility -- Property -- Landlord and tenant -- Miscellaneous
520 _aOut of date - since these service documents were published, new legislation and contract documentation, such as the CDM Regulations 2015, RIBA Plan of Work 2013, the Construction Act 2011 (payments), has emerged.
520 _aRICS Consultancy form of appointment. For use with the RICS standard form of consultant's appointment and the RICS short form of consultant's appointment. Provides the list of core services and supplementary services to be provided by a building surveyor as part of a project. Includes a schedule of meetings to be attended by the Consultant. Contains work stages from the Royal Institute of British Architects Outline Plan of Work 2007 (preparation, design, pre-construction, construction, and use). Written in plain English.
521 _aAdvanced
651 4 _aEngland and Wales
690 _aBUILT ENVIRONMENT-BUILDING CONTRACT FORMS
690 _aBuilding surveying
_96225
690 _aProject management
_96261
942 _n0
_2ddc
999 _c108482
_d108482